Histórias de 5 minutos (Registo nº 6027)

Detalhes MARC
000 -Etiqueta do registo
Valores 00997nam a2200253 4500
010 ## - Número ISBN
ISBN 9789720709882
021 ## - Número do Depósito Legal
Número 420079/17
100 ## - Dados gerais de processamento
Dados gerais 20250930d2017 cd y0pory50030103ba
200 1# - Titulo e menção de responsabilidade
Título próprio Histórias de 5 minutos
Primeira menção de responsabilidade Luísa Neves
Outras menções de responsabilidade il. Zé Nova
210 #9 - Publicação
Local de publicação Porto
Nome do editor Porto Editora
Data de publicação 2017
215 ## - Descrição física 
Paginação / Volumes 31 p.
Outras indicações físicas il.
225 2# - Colecção 
Título próprio da colecção Alfa
330 ## - Sumário ou Resumo
Texto da nota Neste livro interativo, o Alfa ganha vida em pequenas histórias de 5 minutos repletas de fantásticas aventuras com realidade aumentada.<br/><br/>Para além de brincares com as imagens em 3D, podes também ouvir as histórias quantas vezes quiseres!<br/><br/>Instala a APP grátis e diverte-te!<br/><br/>As instruções encontram-se no interior do livro
606 ## - Nome comum usado como assunto
ID Autoridade 14
Palavra de ordem Literatura infantil
606 ## - Nome comum usado como assunto
ID Autoridade 15
Palavra de ordem Literatura Portuguesa
675 ## - CDU
Notação 82-93
Edição BN
Língua por
675 ## - CDU
Notação 821.134.3
Edição BN
Língua por
700 ## - Autor principal (pessoa individual)
ID Autoridade 5716
Apelido Neves
Nome Luísa
702 ## - Autor secundário (pessoa individual)
Apelido Nova
Nome
ID Autoridade 1707
801 #0 - Fonte de origem
País PT
Agência BEN2VN
Regras de catalogação RPC
830 ## - Notas gerais do catalogador
Criado por Tânia Croca
Data de criação 30/09/2025
990 ## - Elementos KOHA
Tipo de documento Livro
Exemplares
Situação do levantamento Biblioteca de origem Código de barras Cota Permissão de empréstimo Tipo de documento Forma de aquisição
  Biblioteca Escola Nº2 Vendas Novas 100000006349 LI POR/NEV   Livro  

Powered by Koha